000 01401nam a2200229Ia 4500
003 Ost
005 20260507075642.0
008 260507s9999||||xx |||||||||||||| ||und||
020 _a894000977
040 _cfsecg
041 _aara
082 _a658.406
100 _aعامر، سعيد يس
_eمؤلف
245 0 _aإستراتيجيات التغيير /
_c سعيد يس عامر
260 _aالقاهرة:
_bمركز وايد سيرفيس للإستشارات والتطوير الإداري,
_c1994
300 _a684 صفحة؛
_bإيضاحات ؛
_c24 سم
520 _aملخصات بحوث ومقالات المؤتمر السنوي الأول والثاني والثالث والرابع، الإسلام والإدارة بين التغيير والتنظيم والتطوير، حول الأنتاجية وقياسها من أجل تحسينها، العوامل المؤثرة على الآداء الوظيفي والإنتاجية، إدارة الجودة الشاملة- جلسات الإنطلاق الفكري، استراتيجيات إدارة الطاقة كمدخل من مداخل التغيير، الإستراتيجيات والهيكلة- تحديات التحول من القطاع العام الى القطاع الخاص
653 _aالإدارة- تطوير
653 _aالتطوير الإداري
653 _aالتغيير
942 _cكتاب
999 _c45422
_d45422